000 00815nam a2200277 i 4500
001 105948
003 ES-MaACL
007 t|
008 060913s1980 fr ||||1| fre d
020 _a2-13-036321-0
080 _a330.85
080 _a327.323.3
080 _a329.15(091)
100 1 _aMarcou, Lilly.
_976548
245 1 3 _aLe mouvement communiste international depuis 1945 /
_cLilly Marcou.
250 _a1er. ed.
260 _aParis :
_bPresses Universitaires de France,
_c1980.
300 _a127 p. ;
_c18 cm.
490 1 _aQue sais-je? ;
_v1818
500 _aBiblioteca Juan Andrade.
650 1 4 _aComunismo-
_vHistoria
_911222
650 1 4 _aPartidos comunistas-
_vHistoria.
_915857
830 0 0 _aQue sais-je?
_v1818
_9180931
852 _aES-MaACL
_jAND-905
_bR.110193
999 _c105948
_d105948